[Event "VI Weekend B"]
[Site "Novara ITA"]
[Date "2005.10.29"]
[Round "2"]
[White "Torrione, William"]
[Black "Giussani, Igor"]
[Result "0-1"]
[WhiteElo "1883"]
[BlackElo "1924"]
[PlyCount "55"]
[EventDate "2005.10.28"]

1. d4 Nf6 2. c4 g6 3. Nc3 Bg7 4. e4 d6 5. f4 O-O 6. Nf3 c5 7. dxc5 Qa5 8. Bd3
Qxc5 9. Qe2 Bd7 10. Be3 Qc7 11. h3 Nc6 12. Rd1 Rac8 13. O-O Nb4 14. Nd2 Nxd3
15. Qxd3 Be6 16. b3 Nd7 17. Nd5 Bxd5 18. exd5 Nc5 19. Qb1 a5 20. a4 f5 21. Qc2
Rfe8 22. Rfe1 e6 23. dxe6 Rxe6 24. Bf2 Rce8 25. Rxe6 Rxe6 26. Re1 Rxe1+ 27.
Bxe1 Qe7 28. Nf1 0-1

[Event "VI Weekend B"]
[Site "Novara ITA"]
[Date "2005.10.29"]
[Round "3"]
[White "Barrera, Pietro"]
[Black "Orsi, Matteo"]
[Result "1/2-1/2"]
[WhiteElo "1888"]
[BlackElo "1877"]
[PlyCount "26"]
[EventDate "2005.10.28"]

1. Nf3 Nf6 2. d4 e6 3. g3 d5 4. Bg2 c6 5. O-O Bd6 6. b3 Nbd7 7. Bb2 O-O 8. Nbd2
Qc7 9. c4 dxc4 10. Nxc4 Be7 11. Nfe5 Nd5 12. Nxd7 Bxd7 13. Ne5 Rfd8 1/2-1/2

[Event "VI Weekend B"]
[Site "Novara ITA"]
[Date "2005.10.29"]
[Round "3"]
[White "Colombo, Sandro"]
[Black "Torrione, William"]
[Result "1-0"]
[WhiteElo "1712"]
[BlackElo "1883"]
[PlyCount "71"]
[EventDate "2005.10.28"]

1. c4 Nf6 2. Nc3 c6 3. e4 e5 4. Nf3 d6 5. d4 Bg4 6. dxe5 Bxf3 7. gxf3 dxe5 8.
Qxd8+ Kxd8 9. Bg5 Be7 10. O-O-O+ Kc7 11. Bh3 h6 12. Be3 Nbd7 13. f4 Rad8 14.
Rd2 Bc5 15. Rhd1 Bxe3 16. fxe3 Nc5 17. fxe5 Rxd2 18. Rxd2 Nfxe4 19. Nxe4 Nxe4
20. Rd7+ Kb6 21. Bg2 Nc5 22. Rxf7 Nd3+ 23. Kb1 Nxe5 24. Rxg7 Nxc4 25. e4 Re8
26. Kc2 Ne3+ 27. Kd3 Nxg2 28. Rxg2 Re5 29. Kd4 Rh5 30. e5 Rh4+ 31. Kd3 Kc7 32.
Rg7+ Kc8 33. e6 Rh3+ 34. Kd4 Rxh2 35. Rg8+ Kc7 36. e7 1-0

[Event "VI Weekend B"]
[Site "Novara ITA"]
[Date "2005.10.29"]
[Round "3"]
[White "Giussani, Igor"]
[Black "Crimi, Alessandro"]
[Result "0-1"]
[WhiteElo "1924"]
[BlackElo "1940"]
[PlyCount "82"]
[EventDate "2005.10.28"]

1. d4 Nf6 2. Nf3 c5 3. e3 g6 4. Bd3 Bg7 5. Nbd2 cxd4 6. exd4 O-O 7. c3 d6 8.
O-O Nc6 9. Re1 a6 10. Nf1 Bg4 11. h3 Bxf3 12. Qxf3 e5 13. dxe5 Nxe5 14. Qd1 Qb6
15. Qe2 Rae8 16. Be3 Qa5 17. a3 d5 18. Rad1 Nc6 19. Qc2 d4 20. Bd2 Qb6 21. c4
Nd7 22. b4 Nce5 23. Ng3 f5 24. f4 Nc6 25. Rxe8 Rxe8 26. Re1 Qd8 27. Qd1 Rf8 28.
b5 Ncb8 29. Qe2 Nc5 30. Bb4 Nbd7 31. Qf3 Kh8 32. bxa6 bxa6 33. Bc2 Qb6 34. Bd3
a5 35. Bxc5 Nxc5 36. Rb1 Qa7 37. Qe2 Qc7 38. Rf1 Bh6 39. Qf3 Re8 40. Qd5 Qe7
41. Qf3 Qe3+ 0-1

[Event "VI Weekend B"]
[Site "Novara ITA"]
[Date "2005.10.30"]
[Round "4"]
[White "Crimi, Alessandro"]
[Black "Orsi, Matteo"]
[Result "1/2-1/2"]
[WhiteElo "1940"]
[BlackElo "1877"]
[PlyCount "27"]
[EventDate "2005.10.28"]

1. d4 Nf6 2. c4 e6 3. Nc3 Bb4 4. e3 O-O 5. Bd3 b6 6. Nge2 Bb7 7. f3 d6 8. O-O
Nbd7 9. a3 Bxc3 10. bxc3 c5 11. e4 d5 12. cxd5 exd5 13. e5 Ne8 14. Ng3 1/2-1/2

[Event "VI Weekend B"]
[Site "Novara ITA"]
[Date "2005.10.30"]
[Round "4"]
[White "Giussani, Igor"]
[Black "Colombo, Sandro"]
[Result "0-1"]
[WhiteElo "1924"]
[BlackElo "1712"]
[PlyCount "28"]
[EventDate "2005.10.28"]

1. d4 d5 2. Nf3 c5 3. dxc5 Nc6 4. Bf4 e6 5. e3 Bxc5 6. Nc3 Nf6 7. Bd3 O-O 8. e4
dxe4 9. Nxe4 Nxe4 10. Bxe4 Qxd1+ 11. Rxd1 e5 12. Nxe5 Nxe5 13. Bxe5 Re8 14. Rd5
Bb6 0-1

[Event "VI Weekend B"]
[Site "Novara ITA"]
[Date "2005.10.30"]
[Round "4"]
[White "Torrione, William"]
[Black "Barrera, Pietro"]
[Result "1-0"]
[WhiteElo "1883"]
[BlackElo "1888"]
[PlyCount "105"]
[EventDate "2005.10.28"]

1. d4 d5 2. c4 c6 3. Nc3 e6 4. Nf3 f5 5. Bg5 Be7 6. Bxe7 Qxe7 7. e3 Nf6 8. Ne5
O-O 9. Be2 b6 10. cxd5 exd5 11. a3 Be6 12. O-O Rc8 13. Qa4 Nfd7 14. Nf3 b5 15.
Qc2 Nb6 16. Ne5 N8d7 17. Nxd7 Bxd7 18. Rfc1 a5 19. b3 Ra7 20. Nb1 Be6 21. Nd2
Rac7 22. Qc5 Qxc5 23. Rxc5 Nd7 24. Rc2 c5 25. Bxb5 cxd4 26. Rxc7 Rxc7 27. exd4
Rc2 28. Nf3 h6 29. h3 Nf6 30. Ne1 Rb2 31. Ba4 Ne4 32. Nd3 Rd2 33. Nc5 Kf7 34.
f3 Ng3 35. Re1 Bc8 36. Be8+ Kf6 37. Nd7+ Bxd7 38. Bxd7 f4 39. b4 axb4 40. axb4
Rxd4 41. Rb1 Ke7 42. Bc6 Kd6 43. b5 Kc7 44. b6+ Kb8 45. b7 Rc4 46. Bxd5 Rc5 47.
Be6 Ra5 48. Bd7 Ra2 49. Bc6 Nf5 50. Rd1 Rb2 51. Rd8+ Kc7 52. Rc8+ Kd6 53. Be4
1-0

[Event "VI Weekend B"]
[Site "Novara ITA"]
[Date "2005.10.30"]
[Round "5"]
[White "Barrera, Pietro"]
[Black "Giussani, Igor"]
[Result "1-0"]
[WhiteElo "1888"]
[BlackElo "1924"]
[PlyCount "89"]
[EventDate "2005.10.28"]

1. Nf3 Nf6 2. d4 g6 3. g3 Bg7 4. Bg2 O-O 5. O-O d6 6. c4 c5 7. Nc3 Nc6 8. d5
Na5 9. Nd2 e5 10. Qc2 Ne8 11. a3 b6 12. b4 Nb7 13. Bb2 f5 14. e3 Nf6 15. Ne2
Bd7 16. Rfd1 h6 17. Bc3 g5 18. Qb2 Rb8 19. h3 Qe7 20. Re1 Nh5 21. Kh2 f4 22.
exf4 gxf4 23. Bf3 fxg3+ 24. fxg3 Nf6 25. Qc2 Qd8 26. Rf1 Qe7 27. Rae1 Qd8 28.
Bg2 Qc7 29. Ng1 b5 30. Ngf3 bxc4 31. Nh4 Qc8 32. Rf2 Ng4+ 33. hxg4 Rxf2 34. Ng6
Qd8 35. Qe4 Rf7 36. Nxc4 Qg5 37. Bf3 Rxf3 38. Qxf3 Qxg6 39. bxc5 Bxg4 40. Qe3
Nxc5 41. Bb4 Qc2+ 42. Nd2 Rf8 43. Kg1 Qd3 44. Bxc5 Qxd5 45. Bxa7 1-0

[Event "VI Weekend B"]
[Site "Novara ITA"]
[Date "2005.10.30"]
[Round "5"]
[White "Colombo, Sandro"]
[Black "Crimi, Alessandro"]
[Result "0-1"]
[WhiteElo "1712"]
[BlackElo "1940"]
[PlyCount "82"]
[EventDate "2005.10.28"]

1. c4 Nf6 2. Nc3 g6 3. e4 d6 4. d4 Bg7 5. Be2 O-O 6. Bg5 c5 7. d5 e6 8. dxe6
fxe6 9. Qd2 Nc6 10. Nf3 Qb6 11. Rd1 Ng4 12. O-O Nge5 13. b3 a6 14. Nxe5 Bxe5
15. Na4 Qc7 16. f4 Bd4+ 17. Kh1 Rb8 18. Bg4 b5 19. cxb5 axb5 20. Nb2 Qa7 21.
Nd3 Ra8 22. Nc1 c4 23. Rf3 c3 24. Qd3 Qc5 25. f5 Ne5 26. Qxd4 Nxf3 27. Qxc5
dxc5 28. Bxf3 e5 29. Rd5 gxf5 30. Rxe5 fxe4 31. Rxe4 Bf5 32. Rf4 Rae8 33. Bd5+
Kg7 34. Rf1 Re5 35. Bc6 Bd3 36. Rd1 c2 37. Rg1 Rxg5 38. Nxd3 Rd8 39. Bxb5 Rgd5
40. Rc1 Rxd3 41. Bxd3 Rxd3 0-1

[Event "VI Weekend B"]
[Site "Novara ITA"]
[Date "2005.10.30"]
[Round "5"]
[White "Orsi, Matteo"]
[Black "Torrione, William"]
[Result "1-0"]
[WhiteElo "1877"]
[BlackElo "1883"]
[PlyCount "51"]
[EventDate "2005.10.28"]

1. d4 Nf6 2. c4 e6 3. Nc3 Bb4 4. e3 c5 5. a3 Bxc3+ 6. bxc3 Qa5 7. Qc2 cxd4 8.
exd4 d6 9. Nf3 Ne4 10. Bb2 Nf6 11. Bd3 Nbd7 12. O-O O-O 13. Rae1 Qc7 14. Bc1 b6
15. Ng5 g6 16. Re3 Ba6 17. Rh3 Bxc4 18. Nxh7 Bxd3 19. Nxf6+ Nxf6 20. Qxd3 Nh7
21. Qe3 g5 22. Qe4 Nf6 23. Qd3 g4 24. Bg5 gxh3 25. Bxf6 Rfc8 26. Qxh3 1-0

[Event "C.to Provinciale BG"]
[Site "Bergamo ITA"]
[Date "2005.10.07"]
[Round "1"]
[White "Asperti, Fabio"]
[Black "Cammarota, Vittorio"]
[Result "0-1"]
[WhiteElo "1658"]
[BlackElo "1994"]
[PlyCount "64"]
[EventDate "2005.10.07"]

1. c4 e6 2. Nc3 d5 3. d4 Nf6 4. Bf4 c6 5. e3 Nbd7 6. Nf3 Be7 7. Nd2 O-O 8. g4
Ne8 9. Qc2 Bg5 10. Bg3 c5 11. h4 Bf6 12. g5 cxd4 13. gxf6 dxc3 14. Qxc3 Ndxf6
15. O-O-O b6 16. Rg1 Bb7 17. Be2 Rc8 18. Be5 b5 19. Rxg7+ Kxg7 20. Ne4 dxe4 21.
Rxd8 Rxd8 22. c5 a6 23. a4 bxa4 24. c6 Rc8 25. cxb7 Rxc3+ 26. bxc3 Kg8 27. b8=Q
Nd7 28. Bxa6 Nxb8 29. Bxb8 Ng7 30. Bd6 Rd8 31. Be5 Rd5 32. Bc7 Rc5 0-1

[Event "C.to Provinciale BG"]
[Site "Bergamo ITA"]
[Date "2005.10.07"]
[Round "1"]
[White "Bassis, Ivano"]
[Black "Merletti, Vincenzo"]
[Result "1-0"]
[WhiteElo "1886"]
[BlackElo "1596"]
[PlyCount "27"]
[EventDate "2005.10.07"]

1. e4 e5 2. Nf3 Nc6 3. Bb5 d6 4. d4 Bd7 5. O-O a6 6. Bxc6 Bxc6 7. Nc3 Nf6 8.
dxe5 Nxe4 9. Nxe4 Bxe4 10. exd6 Bxd6 11. Ng5 Bg6 12. Re1+ Kf8 13. Qf3 h6 14.
Ne6+ 1-0

[Event "C.to Provinciale BG"]
[Site "Bergamo ITA"]
[Date "2005.10.07"]
[Round "1"]
[White "Brambilla, Augusto"]
[Black "Gerali, Paolo"]
[Result "0-1"]
[WhiteElo "1419"]
[BlackElo "1707"]
[PlyCount "112"]
[EventDate "2005.10.07"]

1. e4 c5 2. Nf3 e6 3. c4 Nc6 4. Nc3 d6 5. d4 cxd4 6. Nxd4 Nf6 7. Nf3 a6 8. Bg5
Be7 9. Be2 Qc7 10. a3 b6 11. Qb3 Na5 12. Qc2 Bb7 13. b3 O-O 14. O-O Rac8 15.
Nd2 Nc6 16. Na4 Nd4 17. Qd3 Nxe2+ 18. Qxe2 Bc6 19. Nc3 Rfe8 20. Rae1 Rcd8 21.
Rd1 h6 22. Bh4 Nxe4 23. Bxe7 Nxc3 24. Qd3 Nxd1 25. Bxd8 Qxd8 26. Rxd1 Qg5 27.
Nf3 Bxf3 28. Qxf3 Qe7 29. Qc6 d5 30. h3 dxc4 31. Rd7 Qxa3 32. Ra7 Rd8 33. Qc7
Rd1+ 34. Kh2 Qd6+ 35. Qxd6 Rxd6 36. bxc4 a5 37. Rb7 Rc6 38. Kg3 g5 39. Kf3 Kg7
40. Ke3 Rxc4 41. Rxb6 Rc2 42. Rb3 Rc6 43. Kd3 Kf6 44. Rb5 Ra6 45. g4 a4 46. Rb1
a3 47. Ra1 a2 48. Kc2 e5 49. Kb2 Ke6 50. Rxa2 Rxa2+ 51. Kxa2 Kd5 52. Kb2 Ke4
53. Kc3 Kf3 54. Kd3 e4+ 55. Kd2 Kxf2 56. Kd1 e3 0-1

[Event "C.to Provinciale BG"]
[Site "Bergamo ITA"]
[Date "2005.10.07"]
[Round "1"]
[White "Bratti, Lorenzo"]
[Black "Mazzotti, Federico"]
[Result "0-1"]
[WhiteElo "1438"]
[BlackElo "1723"]
[PlyCount "82"]
[EventDate "2005.10.07"]

1. e4 c5 2. d4 e6 3. d5 d6 4. Bb5+ Bd7 5. Bxd7+ Qxd7 6. c4 exd5 7. exd5 Nf6 8.
Nf3 Be7 9. O-O O-O 10. Bg5 h6 11. Bh4 Qg4 12. b3 Na6 13. a3 Nc7 14. Re1 Rfe8
15. Nc3 g5 16. h3 Qf5 17. g4 Nxg4 18. Nxg5 Nxf2 19. Bxf2 Bxg5 20. Qh5 Re5 21.
Rf1 Rae8 22. Kh2 Qc2 23. Qf3 Rf5 24. Qg3 Re3 25. Qg4 h5 26. Qxh5 Rxc3 27. Rae1
Rcf3 28. Qg4 Rxf2+ 29. Kg1 Rxf1+ 30. Rxf1 Rxf1+ 31. Kxf1 Qc1+ 32. Ke2 Qd2+ 33.
Kf1 Qf4+ 34. Qxf4 Bxf4 35. Kf2 b5 36. Kf3 bxc4 37. bxc4 Be5 38. h4 a5 39. a4 f5
40. h5 f4 41. Kg4 Nxd5 0-1

[Event "C.to Provinciale BG"]
[Site "Bergamo ITA"]
[Date "2005.10.07"]
[Round "1"]
[White "Canova, Luca"]
[Black "Bosio, Giovanni"]
[Result "1-0"]
[WhiteElo "2103"]
[BlackElo "1682"]
[PlyCount "87"]
[EventDate "2005.10.07"]

1. e4 c5 2. Nf3 d6 3. d4 cxd4 4. Nxd4 Nc6 5. Nc3 a6 6. Be3 Nf6 7. Be2 e5 8. Nb3
Be7 9. g4 h6 10. f3 b5 11. Qd2 Bb7 12. O-O-O O-O 13. h4 b4 14. Na4 Nd7 15. g5
h5 16. g6 fxg6 17. Bc4+ Kh7 18. Rdg1 Qe8 19. Qg2 Bf6 20. Rh3 Ne7 21. Be6 Bc6
22. Nb6 Nxb6 23. Bxb6 d5 24. Bc5 dxe4 25. fxe4 Rb8 26. Bd6 Rd8 27. Bxb4 Bd7 28.
Nc5 Bb5 29. Ba3 Rd4 30. c3 Rc4 31. b3 Rxc5 32. Bxc5 Bc6 33. Bxe7 Bxe7 34. Bd5
Bd7 35. Rf3 Bg4 36. Rxf8 Qxf8 37. Qg3 Qb8 38. Kb2 a5 39. a3 Qb5 40. Rg2 Qc5 41.
b4 axb4 42. axb4 Qb5 43. Qxe5 Bf6 44. Bg8+ 1-0

[Event "C.to Provinciale BG"]
[Site "Bergamo ITA"]
[Date "2005.10.07"]
[Round "1"]
[White "Di Mauro, Valerio"]
[Black "Elsido, Massimo"]
[Result "1/2-1/2"]
[WhiteElo "1526"]
[BlackElo "1757"]
[PlyCount "146"]
[EventDate "2005.10.07"]

1. e4 e5 2. Nf3 Nc6 3. d4 exd4 4. Bc4 d6 5. Nxd4 Nxd4 6. Qxd4 Be6 7. Bd3 Qf6 8.
Be3 Qxd4 9. Bxd4 Ne7 10. Nc3 O-O-O 11. a3 Nc6 12. Be3 g6 13. Bg5 Re8 14. Bf6
Rg8 15. O-O-O Bd7 16. Bc4 Be6 17. Nd5 Bg7 18. Bxg7 Rxg7 19. Nf6 Rd8 20. Bd5 Ne7
21. Rhe1 Ng8 22. e5 Bxd5 23. Rxd5 Nxf6 24. exf6 Rgg8 25. Rd3 Rde8 26. Rde3 Rxe3
27. Rxe3 b6 28. Kd2 Kb7 29. h4 Kc6 30. Re7 Rf8 31. Ke3 a5 32. Kf4 h6 33. Ke4 b5
34. b3 d5+ 35. Ke5 d4 36. Kxd4 Rd8+ 37. Ke3 Rd7 38. Ke4 Rd2 39. Rxf7 Rxf2 40.
Ke3 Rf1 41. Ke2 Rf5 42. g4 Rf4 43. Ke3 g5 44. hxg5 hxg5 45. Rg7 Rxg4 46. f7 Rf4
47. Rg6+ Kb7 48. Rxg5 Rxf7 49. Rxb5+ Ka6 50. Re5 Rh7 51. Kd4 Kb6 52. c3 c6 53.
b4 axb4 54. cxb4 Rh3 55. a4 Rh1 56. Re8 Rh4+ 57. Kc3 Rh3+ 58. Kd4 Rh4+ 59. Re4
Rh1 60. Kc3 Rh3+ 61. Kc4 Rh1 62. a5+ Ka6 63. Kb3 Rh3+ 64. Kc4 Rh1 65. Kc5 Rh6
66. Rd4 Rh1 67. Kxc6 Rc1+ 68. Kd5 Kb5 69. Kd6 Rh1 70. Re4 Rc1 71. Re8 Kxb4 72.
a6 Ra1 73. Rb8+ Kc4 1/2-1/2

[Event "C.to Provinciale BG"]
[Site "Bergamo ITA"]
[Date "2005.10.07"]
[Round "1"]
[White "Elitropi, Giorgio"]
[Black "Mangili, Riccardo"]
[Result "1/2-1/2"]
[WhiteElo "2009"]
[BlackElo "1668"]
[PlyCount "47"]
[EventDate "2005.10.07"]

1. b3 e5 2. Bb2 d6 3. e3 Nf6 4. d4 exd4 5. Qxd4 Nc6 6. Qd2 Be7 7. Nc3 Bf5 8. f3
Qd7 9. e4 Bg6 10. O-O-O O-O-O 11. Nh3 h6 12. Kb1 a6 13. Nf4 Bh7 14. g3 Kb8 15.
Qf2 Ne5 16. Bh3 Qc6 17. Nfd5 Rhe8 18. Nxe7 Rxe7 19. Nd5 Nxd5 20. exd5 Qe8 21.
f4 Nd7 22. Bxd7 Rdxd7 23. Rhe1 f6 24. Bd4 1/2-1/2

[Event "C.to Provinciale BG"]
[Site "Bergamo ITA"]
[Date "2005.10.07"]
[Round "1"]
[White "Fiorona, Gianpietro"]
[Black "Capata, Ion"]
[Result "1/2-1/2"]
[WhiteElo "1673"]
[BlackElo "2090"]
[PlyCount "90"]
[EventDate "2005.10.07"]

1. d4 d5 2. Nc3 Nf6 3. Bg5 e6 4. e4 dxe4 5. Nxe4 Be7 6. Bxf6 Bxf6 7. Nf3 O-O 8.
Qd2 Nc6 9. c3 b6 10. Bd3 Bb7 11. O-O-O Na5 12. Qf4 Be7 13. h4 Qd5 14. Kb1 Qf5
15. Qe3 Nc4 16. Qe2 Qg4 17. Neg5 h6 18. Bxc4 hxg5 19. hxg5 Be4+ 20. Bd3 Bxd3+
21. Qxd3 f5 22. gxf6 Bxf6 23. Ka1 Kf7 24. Qc4 c5 25. Qb5 Rad8 26. dxc5 Qxg2 27.
Qe2 Rxd1+ 28. Rxd1 bxc5 29. Rd7+ Be7 30. a3 Rd8 31. Ne5+ Kf6 32. Rxa7 Qh1+ 33.
Ka2 Qd5+ 34. Nc4 g5 35. b3 Rh8 36. Ne3 Qd6 37. Ng4+ Kg7 38. Qe3 Rh5 39. Ne5 Kf6
40. Ng4+ Kf5 41. Qf3+ Qf4 42. Ne3+ Kg6 43. Qe2 Rh2 44. Ng4 Rh7 45. Qxe6+ Kg7
1/2-1/2

[Event "C.to Provinciale BG"]
[Site "Bergamo ITA"]
[Date "2005.10.07"]
[Round "1"]
[White "Gualdi, Paolo"]
[Black "Stefanelli, Alfredo"]
[Result "0-1"]
[WhiteElo "1568"]
[BlackElo "1787"]
[PlyCount "115"]
[EventDate "2005.10.07"]

1. c4 Nf6 2. Nc3 g6 3. g3 Bg7 4. Bg2 O-O 5. Nf3 d6 6. O-O c6 7. d4 Nbd7 8. e4
e5 9. Bg5 h6 10. Bxf6 Qxf6 11. d5 c5 12. a4 Qe7 13. Nh4 Nf6 14. f4 exf4 15.
Rxf4 Qe5 16. Rf1 Bg4 17. Nf3 Qe7 18. Qc2 Nd7 19. Rac1 Bxf3 20. Bxf3 h5 21. b3
h4 22. Ne2 hxg3 23. Nxg3 Bd4+ 24. Kh1 Kg7 25. Qg2 Rh8 26. Nf5+ Kf8 27. Nxe7
Kxe7 28. Be2 Rh7 29. Rf3 Rah8 30. Rcf1 Ne5 31. Qg5+ Ke8 32. R3f2 Rh3 33. Rg2
R8h4 34. Qf6 Kd7 35. Qg5 Ke8 36. Qf6 Kd7 37. Bg4+ Nxg4 38. Qxf7+ Kd8 39. Qf8+
Kc7 40. Rf7+ Kb6 41. Qd8+ Ka6 42. Qxd6+ b6 43. Rxg4 Rxg4 44. Rf1 Rxe4 45. Qxg6
Re2 46. Qg3 Rxg3 47. hxg3 Re3 48. Kh2 Rxb3 49. g4 Be5+ 50. Kh1 Rg3 51. Rg1 Rc3
52. g5 Rxc4 53. g6 Rh4+ 54. Kg2 Rg4+ 55. Kf2 Rxg1 56. Kxg1 c4 57. Kf1 c3 58.
Ke2 0-1

[Event "C.to Provinciale BG"]
[Site "Bergamo ITA"]
[Date "2005.10.07"]
[Round "1"]
[White "Gucciardo, Salvatore"]
[Black "Tentori, Giulio"]
[Result "1/2-1/2"]
[WhiteElo "1440"]
[BlackElo "1748"]
[PlyCount "62"]
[EventDate "2005.10.07"]

1. e4 e5 2. Nf3 Nf6 3. Nxe5 d6 4. Nf3 Nxe4 5. Qe2 Qe7 6. d3 Nf6 7. Qxe7+ Bxe7
8. Be2 Nc6 9. Nc3 Bd7 10. Bd2 d5 11. a3 a6 12. d4 Bf5 13. O-O-O O-O-O 14. Be3
Ng4 15. h3 Nxe3 16. fxe3 Rhe8 17. Bd3 Be6 18. Rhf1 h6 19. Ne2 Bf6 20. Nf4 Rd6
21. Rde1 Bd7 22. Nh5 Nd8 23. Nxf6 Rxf6 24. Ne5 Rxf1 25. Rxf1 Be6 26. Kd2 f6 27.
Ng6 Nf7 28. Nf4 Kd7 29. Bg6 Re7 30. Nxe6 Kxe6 31. Bxf7+ Kxf7 1/2-1/2

[Event "C.to Provinciale BG"]
[Site "Bergamo ITA"]
[Date "2005.10.07"]
[Round "1"]
[White "Impellizzeri, Francesco"]
[Black "Minieri, Filippo"]
[Result "0-1"]
[WhiteElo "1688"]
[BlackElo "2155"]
[PlyCount "80"]
[EventDate "2005.10.07"]

1. d4 c5 2. d5 e6 3. c4 Nf6 4. Nc3 exd5 5. cxd5 d6 6. e4 Be7 7. Bb5+ Bd7 8. Bd3
b5 9. f4 b4 10. Nce2 c4 11. Bxc4 Nxe4 12. Nf3 Bf6 13. Ned4 O-O 14. O-O Bg4 15.
Qe1 Re8 16. Qxb4 Nd7 17. Nc6 Qc7 18. Be3 a5 19. Qb5 Nc3 20. bxc3 Rxe3 21. Rab1
Rxc3 22. Bb3 Nc5 23. Ng5 h6 24. Nf3 Ne4 25. Nfd4 a4 26. Bxa4 Bxd4+ 27. Nxd4 Qa7
28. Qb4 Qxa4 29. Qb6 Rc4 30. Nc6 Nd2 31. Ne7+ Kh8 32. Qxd6 Nxb1 33. Rxb1 Qxa2
34. Rb8+ Kh7 35. h3 Qa7+ 36. Rb6 Rxf4 37. Qxf4 Qxb6+ 38. Kh1 Qb1+ 39. Kh2 Ra1
40. hxg4 Qg1+ 0-1

[Event "C.to Provinciale BG"]
[Site "Bergamo ITA"]
[Date "2005.10.07"]
[Round "1"]
[White "Lanni, Vincenzo"]
[Black "Valsecchi, Alessio"]
[Result "1-0"]
[WhiteElo "1619"]
[BlackElo "1965"]
[PlyCount "141"]
[EventDate "2005.10.07"]

1. d4 Nf6 2. g3 d5 3. Bg2 e6 4. Nf3 b6 5. O-O Bb7 6. c3 Nbd7 7. Nbd2 Be7 8. Qc2
O-O 9. Ne1 c5 10. dxc5 Nxc5 11. Nd3 Rc8 12. Nxc5 Bxc5 13. Nb3 Bd6 14. Bg5 b5
15. Qd3 a6 16. Rad1 Be7 17. Be3 Ng4 18. Bc1 Ne5 19. Qb1 a5 20. e4 b4 21. exd5
exd5 22. Qf5 a4 23. Qxe5 Bf6 24. Qf5 axb3 25. axb3 bxc3 26. bxc3 Bxc3 27. Bxd5
Bxd5 28. Qxd5 Qxd5 29. Rxd5 Rb8 30. Rd3 Bb4 31. Rfd1 h6 32. Bb2 Rb7 33. Rd4
Rfb8 34. Rd8+ Rxd8 35. Rxd8+ Kh7 36. Rd3 Ra7 37. Kg2 Ra2 38. Bd4 Kg6 39. h4 Ra6
40. Be3 Rd6 41. Rxd6+ Bxd6 42. Kf3 Kf5 43. g4+ Ke6 44. Ke4 Bb4 45. f4 h5 46.
f5+ Ke7 47. gxh5 Be1 48. Bg5+ Ke8 49. h6 gxh6 50. Bxh6 Bxh4 51. b4 Kd7 52. Kd5
Bf2 53. Bf8 Bg3 54. b5 Bc7 55. Bc5 Bb8 56. Bd4 Bg3 57. Be5 Bf2 58. Bd6 Ba7 59.
Bc5 Bb8 60. b6 Bg3 61. Bd4 Bh2 62. b7 Bc7 63. Be5 Kd8 64. b8=Q+ Bxb8 65. Bxb8
Ke7 66. Be5 Kd7 67. Bf6 Kc7 68. Be5+ Kd7 69. Bd6 Ke8 70. Ke5 Kd7 71. Bb4 1-0

[Event "C.to Provinciale BG"]
[Site "Bergamo ITA"]
[Date "2005.10.07"]
[Round "1"]
[White "Longo, Pietro"]
[Black "Primavera, Enrico"]
[Result "1-0"]
[WhiteElo "1757"]
[BlackElo "1453"]
[PlyCount "67"]
[EventDate "2005.10.07"]

1. e4 e5 2. Nf3 d6 3. d4 c5 4. dxe5 Nc6 5. Bb5 a6 6. Bc4 dxe5 7. Qxd8+ Nxd8 8.
Nxe5 Nf6 9. Nc3 Be7 10. Nd5 Nxd5 11. Bxd5 O-O 12. Be3 Rb8 13. O-O b6 14. Rad1
Bf6 15. Bf4 Ne6 16. Bg3 Nd4 17. Rxd4 cxd4 18. Nxf7 Bd7 19. Bxb8 Rxb8 20. Ne5+
Kh8 21. Nxd7 Rc8 22. Nxf6 gxf6 23. Bb3 a5 24. a4 Rb8 25. Rd1 Rd8 26. f4 Kg7 27.
c3 Re8 28. Rxd4 Rb8 29. e5 b5 30. Rd7+ Kg6 31. Bc2+ f5 32. g4 bxa4 33. Bxf5+
Kh6 34. Rxh7# 1-0

[Event "C.to Provinciale BG"]
[Site "Bergamo ITA"]
[Date "2005.10.07"]
[Round "1"]
[White "Mora, Lorenzo"]
[Black "Riva, Carlo"]
[Result "1-0"]
[WhiteElo "1787"]
[BlackElo "1574"]
[PlyCount "55"]
[EventDate "2005.10.07"]

1. Nf3 d5 2. g3 c6 3. Bg2 Bf5 4. d3 h6 5. b3 Nd7 6. O-O e6 7. Nbd2 Ngf6 8. Bb2
Be7 9. Qe1 O-O 10. e4 dxe4 11. dxe4 Bh7 12. Rd1 Qa5 13. a4 Nc5 14. Nd4 Rad8 15.
Qe2 Rfe8 16. h4 e5 17. Nf5 Bxf5 18. exf5 Nfd7 19. Nc4 Qa6 20. Rfe1 f6 21. Bf1
Nb6 22. Qh5 Rf8 23. Nxe5 Qa5 24. Ng6 Rxd1 25. Nxe7+ Kh7 26. Rxd1 Ncd7 27. Bc1
Qe5 28. Ng6 1-0

[Event "C.to Provinciale BG"]
[Site "Bergamo ITA"]
[Date "2005.10.07"]
[Round "1"]
[White "Nasoni, Paolo"]
[Black "Marcelloni, Dario"]
[Result "1-0"]
[WhiteElo "1865"]
[BlackElo "1580"]
[PlyCount "28"]
[EventDate "2005.10.07"]

1. e4 e6 2. d4 d5 3. Nc3 dxe4 4. Nxe4 Nd7 5. Bb5 c6 6. Bd3 Ngf6 7. Nxf6+ Nxf6
8. Nf3 h6 9. Ne5 Bd6 10. Bf4 O-O 11. Qd2 Ne8 12. Be3 Bxe5 13. dxe5 Qe7 14. Qc3
Nc7 1-0

[Event "C.to Provinciale BG"]
[Site "Bergamo ITA"]
[Date "2005.10.07"]
[Round "1"]
[White "Oteri, Aldo"]
[Black "Salvetti, Carlo"]
[Result "1-0"]
[WhiteElo "1711"]
[BlackElo "1419"]
[PlyCount "98"]
[EventDate "2005.10.07"]

1. e4 c5 2. Nf3 Nc6 3. d4 cxd4 4. Nxd4 Nxd4 5. Qxd4 Qa5+ 6. Bd2 e5 7. Bxa5 exd4
8. Bc4 b6 9. Bd5 Rb8 10. Bd2 Nf6 11. Bf4 d6 12. Bc6+ Bd7 13. Bxd7+ Kxd7 14. Nd2
Rc8 15. O-O-O d5 16. Rhe1 d3 17. c3 Bc5 18. e5 Ng4 19. Nb3 Nxf2 20. Nxc5+ bxc5
21. Rd2 Ng4 22. Rxd3 d4 23. Kb1 Rhd8 24. cxd4 c4 25. Rd2 Ke8 26. h3 Nh6 27.
Bxh6 gxh6 28. d5 Rb8 29. Kc2 Rdc8 30. d6 Rb7 31. e6 fxe6 32. Rxe6+ Kd7 33. Rxh6
Ke8 34. d7+ Rxd7 35. Rxd7 Kxd7 36. Rxh7+ Kd6 37. Rxa7 Kd5 38. Rd7+ Ke4 39. Kc3
Ke3 40. g4 Kf3 41. Rd4 Kg3 42. Rxc4 Rg8 43. b4 Kxh3 44. b5 Kh4 45. b6 Kg5 46.
a4 Rg6 47. b7 Rb6 48. Rb4 Rxb4 49. Kxb4 Kxg4 1-0

[Event "C.to Provinciale BG"]
[Site "Bergamo ITA"]
[Date "2005.10.07"]
[Round "1"]
[White "Ranfagni, Stefano"]
[Black "Biava, Pierluigi"]
[Result "0-1"]
[WhiteElo "1981"]
[BlackElo "1649"]
[PlyCount "90"]
[EventDate "2005.10.07"]

1. e4 c5 2. Nf3 Nc6 3. d4 cxd4 4. Nxd4 a6 5. Nc3 e6 6. a3 Bc5 7. Be3 Qf6 8.
Nce2 Nh6 9. Qd2 Ng4 10. h3 Nxe3 11. fxe3 Qh4+ 12. g3 Qxe4 13. Rg1 d5 14. Bg2
Qe5 15. O-O-O O-O 16. Nf4 Qg5 17. h4 Qe7 18. h5 Ne5 19. Qc3 Nc4 20. Bxd5 Nxb2
21. Kxb2 exd5 22. Nxd5 Qd6 23. h6 Qxd5 24. hxg7 Re8 25. Nb3 Qe5 26. Nxc5 Qxc3+
27. Kxc3 Bg4 28. Rde1 Rac8 29. Kb4 a5+ 30. Kb5 Re5 31. Kxa5 Rexc5+ 32. Kb4 Rxc2
33. a4 R8c4+ 34. Ka3 Bd7 35. Rd1 Bc6 36. Rd8+ Kxg7 37. Ra8 R2c3+ 38. Kb2 Rxe3
39. Ra7 Rxa4 40. Rxa4 Bxa4 41. g4 b5 42. g5 Re5 43. Ka3 Kg6 44. Kb4 Rxg5 45.
Rf1 h5 0-1

[Event "C.to Provinciale BG"]
[Site "Bergamo ITA"]
[Date "2005.10.07"]
[Round "1"]
[White "Safira, Anamaria"]
[Black "Testa, Luigi"]
[Result "0-1"]
[WhiteElo "1764"]
[BlackElo "1542"]
[PlyCount "70"]
[EventDate "2005.10.07"]

1. d4 d5 2. Nf3 Nc6 3. e3 Nf6 4. Bd3 Bg4 5. Nbd2 e5 6. dxe5 Nxe5 7. Be2 Nxf3+
8. Nxf3 Bd6 9. Nd4 Bxe2 10. Qxe2 O-O 11. O-O c6 12. Bd2 Qc7 13. f4 Ne4 14. Nf5
g6 15. Nxd6 Qxd6 16. Be1 Rfe8 17. a3 a5 18. Rd1 Qc5 19. Qd3 Qb6 20. Bc3 Nxc3
21. Qxc3 Qxe3+ 22. Qxe3 Rxe3 23. Rfe1 Rae8 24. Kf2 R3e7 25. Rxe7 Rxe7 26. Re1
Rxe1 27. Kxe1 f6 28. Kd2 Kf7 29. Kd3 Ke6 30. g4 Kd6 31. c4 c5 32. a4 d4 33. h3
Ke6 34. Ke4 f5+ 35. gxf5+ gxf5+ 0-1